00615pab a2200181 454500008004000000100001600040245005900056260000900115300001600124362001100140650002200151650005800173650003600231773003400267909001000301999001700311952010500328180718b2004 xxu||||| |||| 00| 0 eng d aJoshi, P.C. aChild of the Himalayas: Jawaharlal Nehru on Uttrakhand c2004 ap.1732-740. a24 Apr aNehru, Jawaharlal aEconomic and social development - India - Uttarakhand aEconomic and social development aEconomic and Political Weekly a60946 c60946d60946 00104070aIIPAbIIPAd2018-07-19hVolume no: 39, Issue no: 17pAR61392r2018-07-19w2018-07-19yAR